In focus a quarterly magazine on literature, culture & arts in Cyprus.
Αποθηκεύτηκε σε:
| Μορφή: | Περιοδική έκδοση |
|---|---|
| Γλώσσα: | English |
| Δημοσίευση: |
Nicosia.
The Cyprus P.E.N. Centre,
2003
|
| Θέματα: | |
| Ετικέτες: |
Προσθήκη ετικέτας
Δεν υπάρχουν, Καταχωρήστε ετικέτα πρώτοι!
|
MARC
| LEADER | 00000cas a2200000 a 4500 | ||
|---|---|---|---|
| 001 | 1/117820 | ||
| 008 | 190117c2003####enk|||||||||||| ||eng|| | ||
| 022 | |a 1450-166X | ||
| 040 | |a GR-MyUa |b gre |c GR-MyUa |e AACR2 | ||
| 041 | 0 | |a eng | |
| 082 | 7 | |a 889.05 |2 (23) | |
| 222 | 0 | |a In focus | |
| 245 | 1 | 3 | |a In focus |h [περιοδικό] : |b a quarterly magazine on literature, culture & arts in Cyprus. |c The Cyprus P.E.N. Centre. |
| 260 | |a Nicosia. |b The Cyprus P.E.N. Centre, |c 2003 | ||
| 300 | |a τ. : |b εικ. ; |c 24 εκ. | ||
| 310 | |a Τριμηνιαίο, |b 2003- | ||
| 500 | |a Η βιβλιοθήκη του παραρτήματος Ρόδου έχει στο αρχείο της τεύχη του περιοδικού από τον τόμο 3: τεύχος 2 (2006) έως και το τόμο 17: τεύχος 3 (2019). Η συλλογή είναι ελλιπής. | ||
| 588 | |a Η καταλογογράφηση του περιοδικού έγινε σύμφωνα με το ανά χείρας τεύχος του περιοδικού (τόμος 3, τεύχος 2 (2006)) που διαθέτει η βιβλιοθήκη στο αρχείο της. | ||
| 650 | 0 | |a Arts |z Cyprus. | |
| 651 | 0 | |a Cyprus |x Periodicals. | |
| 650 | 0 | |a Greek literature, Modern |z Cyprus |x Periodicals. | |
| 710 | 2 | |a The Cyprus P.E.N. Center, |e pbl | |
| 853 | |a INST |b RHODES |c SER |h 889.05 | ||
| 920 | |a Χριστοδουλίδου, |b Λουϊζα |y Ρόδος |z 2019-01 | ||
| 922 | |a 4ΕΛΗ |b 20019-01 | ||
| 970 | |a Σιδερή |b Νεκταρία |z 2016-01-19 | ||